00310nam a2200121Ia 4500008004100000100003400041245004500075260002200120300000800142650001400150942000700164999001700171190216s9999||||xx |||||||||||||| ||und|| aAkkitham Achyuthan Namboodiri 0aItinju Polinja Lokam (kavitha Samaharam) bPk Brothersc1959 a97p aKavithkal cBK c26460d26460